000 00941nam a2200289 i 4500
003 DO-SdBNP
005 20250916100530.0
007 ta
008 240207b2023 dr ||||| |||| 00| 0 spa d
020 _a9789945510423
040 _aDO-SdBNP
_bspa
_cBNPHU
_erda
041 _aspa
082 4 _axxx
_bxxx
_222
245 0 0 _aSin pasar por go :
_bnarrativa dominicana contemporanea /
_cselección, Rita Indiana ; prólogo, Lorgia García Peña
250 _aSegunda edición
264 4 _aSanto Domingo :
_bEditora Nacional,
_c©2023.
300 _a150 páginas ;
_c22 cm.
336 _atexto
_btxt
_2rdacontent
337 _asin mediación
_bn
_2rdamedia
338 _avolumen
_bnc
_2rdacarrier
500 _aXXV Feria Internacional del Libro Santo Domingo 2023.
590 _aInventariado, 2024/BT
700 _aGarcía Peña, Lorgia,
_eprologuista
_4pr.
_977988
700 1 _aRita Indiana
_988630
910 _aBtavárez
942 _2ddc
_cLBS1
999 _c55831
_d55831